00421nam a22001217a 4500008004100000050002100041100002400062245010000086260005100186300002700237500001900264650001600283170124b xxu||||| |||| 00| 0 eng d aTP 151 .C53 1976 aF.A.I.C, H Bennett. aThe chemical formulary :bcollection of commercial formulas for making thousand/cH. Bennett, F aNewYork :bChemical publishing company,c1976. a418p. :bill. ;c24cm. aInclude index. amanagement.